| 000 | 00789nam a22002177a 4500 | ||
|---|---|---|---|
| 005 | 20100811111750.0 | ||
| 010 | _aENG-99693 | ||
| 020 |
_a9788177355147 _c35.00 |
||
| 020 |
_a8177355147 _c35.00 |
||
| 035 | _aEN-83225 | ||
| 037 | _bDBAD/PUB | ||
| 082 | _a338.43664 | ||
| 100 |
_aSenthil, S. Azhagu _910646 |
||
| 245 |
_aMarket basket analysis using single dimensoinal data in dataminig / _cby S. Azhagu Senthil |
||
| 260 |
_aChennai _bPavai Publications _c2008 |
||
| 270 |
_a142, Jani Jan Khan Road _bChennai _e600014 |
||
| 300 |
_a68p. _bill. _c21cm (pbk) |
||
| 500 | _aIncludes index | ||
| 942 |
_2ddc _cEN _h338.43664 _mSEN |
||
| 999 |
_c40874 _d40874 |
||